000
00291nam a2200133Ia 4500
100
_a
Robbins/ J.
942
_c
BK
654
_a
Fun with fractals
245
_a
Fun with Fractals
260
_b
Tech. Publications
_a
Singapore
_c
1993
082
_a
621.38195
546
_a
ENGLISH
999
_c
23421
_d
23421